| 000 | 00778nam a22001935i 4500 | ||
|---|---|---|---|
| 001 | 162108 | ||
| 003 | ES-MaACL | ||
| 005 | 20251005063127.0 | ||
| 008 | 981214s1879 sp |||| | spa d | ||
| 040 |
_aCCPB | B _bspa _cCCPB | B |
||
| 080 | _a94(729.1)"1868/78" | ||
| 100 | 1 |
_aPieltain, Cándido, _d1822-1888 _9131144 |
|
| 245 | 1 | 3 |
_aLa isla de Cuba _b: desde mediados de abril á fines de octubre de 1875 / _cpor Cándido Pieltain. |
| 260 |
_aMadrid : _b[s.n.], _c1879 ( _fLa Universal Est. Tip. á cargo de E. Viota) |
||
| 300 |
_a266 p. ; _c22 cm. |
||
| 651 | 4 |
_aCuba- _xHistoria- _y1868-1878, Guerra de los Diez Años. _98103 |
|
| 852 |
_aES-MaACL _jT-542-F-1 _z-- Enc. hol., conservando la cub. original _z-- Enc. en un vol. facticio |
||
| 999 |
_c162108 _d162108 |
||